01677nam a2200373 a 4500001001200000003000800012006001900020007001500039008004100054010001700095020002200112040002100134035002100155050002400176082002400200245013900224246009100363260007100454300002500525490004600550504005100596533015200647651004600799651005200845651004600897651004500943655002900988700002601017700003401043710001701077830006401094856012601158999001901284ebr10046637CaPaEBRm u cr cn|||||||||010619s2002 enka sb 001 0 eng  z 2001036340 z0333912616 (hbk.) aCaPaEBRcCaPaEBR a(OCoLC)55920447814aDA47.1b.A68 2002eb04a327.41044/09/0422100aAnglo-French relations, 1898-1998h[electronic resource] :bfrom Fashoda to Jospin /cedited by Philippe Chassaigne, Michael Dockrill.3 aAnglo-French relations, eighteen hundred ninety-eight to nineteen hundred ninety-eight aHoundmills, Basingstoke, Hampshire ;aNew York :bPalgrave,c2002. axiii, 211 p. :bill.1 aStudies in military and stragetic history aIncludes bibliographical references and index. aElectronic reproduction.bPalo Alto, Calif. :cebrary,d2013.nAvailable via World Wide Web.nAccess may be limited to ebrary affiliated libraries. 0aGreat BritainxForeign relationszFrance. 0aGreat BritainxForeign relationsy20th century. 0aFrancexForeign relationszGreat Britain. 0aFrancexForeign relationsy20th century. 7aElectronic books.2local1 aChassaigne, Philippe.1 aDockrill, M. L.q(Michael L.)2 aebrary, Inc. 0aStudies in military and strategic history (Palgrave (Firm))40uhttp://site.ebrary.com/lib/rucke/Doc?id=10046637zAn electronic book accessible through the World Wide Web; click to view c178981d178981